| 000 | 00445nam a22001577a 4500 | ||
|---|---|---|---|
| 082 |
_a510.2462 _bABB _cL-2, P-39 |
||
| 100 |
_aAbbott, P _938974 |
||
| 245 | _aNational Certificate Mathematics | ||
| 260 |
_aLondon _bEnglish Universities Press Ltd _c1955 |
||
| 300 | _ax, 351.p | ||
| 526 |
_a0 _b0 _c0 _d510_246200000000000_ABB |
||
| 526 |
_a0 _b0 _c0 _d510_246200000000000_ABB |
||
| 650 |
_aMCE _9379 |
||
| 700 |
_aP Abbott _938975 |
||
| 942 |
_2ddc _cBK |
||
| 999 |
_c543573 _d543573 |
||